000 00981cam a22003137a 4500
003 CHAP
005 20220329133009.0
008 971013s1990 r 00010 d
010 _a1083
011 _a2055
035 _a1243
040 _cCHAP
082 _a370.73
_bK6
100 0 0 _aKovacs, Karen E.
_963806
245 1 3 _aLa revolución inconclusa
_b: las universidades y el Estado en la década de los ochenta
260 _aMéxico, D. F. :
_bPatria,
_c1990
300 _a373 p.
500 _a40-73
590 _aBATCH-UPD
_b10
_c20130110
_lUCH01
_h0236
590 _aBATCH-UPD
_b10
_c20130110
_lUCH01
_h1728
590 _aBATCH-UPD
_b10
_c20130410
_lUCH01
_h1251
590 _aBATCH-UPD
_b10
_c20130914
_lUCH01
_h1247
590 _aCONVERSION
_b10
_c20130109
_lUCH01
_h1302
650 1 4 _aEducación y Estado.
_935689
650 1 4 _aUniversidades.
_9116595
901 _aBK
942 _cLIBRO
949 _a370.73 K6
_bBC
_cLIBRO
_d33724000378378
_eLIBRO
_gI. c/e
_h78848
_i1243
_si
_t26.30
999 _c1083
_d1083